00698nam a2200181 a 450000100060000000300090000600800410001504000280005608200160008410000290010024500650012925000060019426000310020030000080023150502000023965000370043965000400047622665CO-ViMGA141112s2004 ck r 000 u spa d aCO-ViMGAbspacCO-ViMGA04a347.7 L315c1 aLeal Perez, Hildelbrando10aEl cheque : bAspectos comerciales, procedimientos y penales a2 aBogotá : bLeyer, c2002 a169 aAspectos generales 5 - 23 - - Clases de cheques 27 - 62 - - Estructura y requisitos del cheque 65 - 72 - - Emision y transferencia del cheque 75 - 80 - - Presentacion y pago de cheques 85 - 114 14aCHEQUES - LIQUIDACION - COLOMBIA14aDOCUMENTOS - NEGOCIABLES - COLOMBIA